[Event "POL-ch Academic"]
[Site "Chorzow"]
[Date "2021.05.14"]
[Round "2.6"]
[White "Walter, Szymon"]
[Black "Stylinski, Piotr"]
[Result "1/2-1/2"]
[WhiteElo "2284"]
[BlackElo "1868"]
[PlyCount "36"]
[EventDate "2021.05.14"]
[EventType "swiss (rapid)"]
[EventRounds "9"]
[EventCountry "POL"]
[SourceTitle "CBM 202 Extra"]
[Source "ChessBase"]
[SourceDate "2021.07.31"]
[SourceVersion "1"]
[SourceVersionDate "2021.07.31"]
[SourceQuality "1"]

1. e4 e5 2. Nf3 Nc6 3. Bb5 a6 4. Ba4 Nf6 5. 0-0 Bc5 6. c3 0-0 7. d4 Ba7 8. Bg5 h6 9. Bh4 d6 10. dxe5 Nxe5 11. h3 Ng6 12. Bxf6 Qxf6 13. Nbd2 Nf4 14. Kh2 Nd3 15. Qe2 Nf4 16. Qd1 Nd3 17. Qe2 Nf4 18. Qd1 Nd3 1/2-1/2

[Event "Lazy op 13th"]
[Site "Lazy"]
[Date "2017.07.03"]
[Round "8"]
[White "Rejniak, Zuzanna"]
[Black "Stylinski, Piotr"]
[Result "0-1"]
[WhiteElo "1632"]
[BlackElo "1815"]
[PlyCount "50"]
[EventDate "2017.06.25"]
[EventType "swiss"]
[EventRounds "9"]
[EventCountry "POL"]
[SourceTitle "EXT 2018"]
[Source "ChessBase"]
[SourceDate "2017.10.13"]
[SourceVersion "1"]
[SourceVersionDate "2017.10.13"]
[SourceQuality "1"]

1. e4 c5 2. Nf3 Nc6 3. d4 cxd4 4. Nxd4 Nf6 5. Nc3 d6 6. Be2 e5 7. Nf3 h6 8. h3 Be6 9. Be3 Be7 10. Qd2 0-0 11. 0-0-0 Qa5 12. a3 Rab8 13. Kb1 b5 14. Nd5 b4 15. axb4 Nxb4 16. Bc4 Nfxd5 17. exd5 Bf5 18. Ne1 Rfc8 19. Bb3 Rxc2 20. Nxc2 Bxc2+ 21. Bxc2 Qa2+ 22. Kc1 Qa1+ 23. Bb1 Rc8+ 24. Qc3 Rxc3+ 25. bxc3 Qxc3+ 0-1

[Event "Lazy op 13th"]
[Site "Lazy"]
[Date "2017.07.01"]
[Round "7"]
[White "Stylinski, Piotr"]
[Black "Ciesielski, Jan"]
[Result "0-1"]
[WhiteElo "1815"]
[BlackElo "1669"]
[PlyCount "120"]
[EventDate "2017.06.25"]
[EventType "swiss"]
[EventRounds "9"]
[EventCountry "POL"]
[SourceTitle "EXT 2018"]
[Source "ChessBase"]
[SourceDate "2017.10.13"]
[SourceVersion "1"]
[SourceVersionDate "2017.10.13"]
[SourceQuality "1"]

1. Nf3 d5 2. c4 c6 3. b3 Nf6 4. Bb2 g6 5. g3 Bg7 6. Bg2 0-0 7. 0-0 Nbd7 8. d3 Re8 9. Qc2 b6 10. Nbd2 Bb7 11. e4 e5 12. Rad1 d4 13. Bh3 Qc7 14. Nh4 c5 15. Ndf3 Nf8 16. Bc1 Bc8 17. Bxc8 Qxc8 18. Kg2 Nh5 19. Qe2 Qg4 20. h3 Qd7 21. Rfe1 Rac8 22. Bd2 Rc6 23. Rb1 Rcc8 24. Kh2 Ra8 25. Rb2 Qc7 26. b4 Nd7 27. Reb1 Reb8 28. a4 a6 29. Ra1 Bf8 30. bxc5 bxc5 31. Rab1 Rxb2 32. Rxb2 Rb8 33. Be1 Bd6 34. Qc2 Ng7 35. Qb1 Rxb2 36. Qxb2 Qb6 37. Qxb6 Nxb6 38. a5 Na4 39. Bd2 f6 40. Ne1 Bc7 41. f4 exf4 42. gxf4 Nc3 43. Bxc3 Bxf4+ 44. Kg2 dxc3 45. Nhf3 Ne6 46. Nc2 Bc7 47. d4 cxd4 48. Nfxd4 Nxd4 49. Nxd4 Bxa5 50. Kf3 Kf7 51. Ke2 Bb6 52. Nb3 Bc7 53. Kd3 Be5 54. Kc2 g5 55. Nc5 h5 56. Nd3 g4 57. hxg4 hxg4 58. c5 g3 59. c6 Ke7 60. Ne1 Kd6 0-1

[Event "Kochan Memorial op 27th"]
[Site "Koszalin"]
[Date "2016.08.15"]
[Round "9"]
[White "Stylinski, Piotr"]
[Black "Cagara, Paulina"]
[Result "0-1"]
[WhiteElo "1836"]
[BlackElo "2052"]
[PlyCount "120"]
[EventDate "2016.08.08"]
[EventType "swiss"]
[EventRounds "9"]
[EventCountry "POL"]
[SourceTitle "CBM 173 Extra"]
[Source "ChessBase"]
[SourceDate "2016.08.29"]
[SourceVersion "1"]
[SourceVersionDate "2016.08.29"]
[SourceQuality "1"]

1. e4 c5 2. Nf3 e6 3. d4 cxd4 4. Nxd4 a6 5. Nc3 Qc7 6. g3 d6 7. Bg2 Nf6 8. 0-0 Nc6 9. Re1 Nxd4 10. Qxd4 e5 11. Qd3 h6 12. Be3 b5 13. Rec1 Bd7 14. Nd5 Nxd5 15. exd5 Rc8 16. Bf1 Qb8 17. b4 Be7 18. c4 bxc4 19. Rxc4 0-0 20. Qb3 f5 21. Rac1 Rxc4 22. Bxc4 f4 23. Bd2 Qb6 24. Be1 e4 25. Rc2 Bg4 26. Be2 Bxe2 27. Rxe2 e3 28. fxe3 Bg5 29. Bf2 fxg3 30. hxg3 Qc7 31. Kg2 h5 32. e4 Qe7 33. e5 Rf5 34. e6 Qb7 35. Re4 Kf8 36. Rd4 Qb5 37. Qd3 Re5 38. a4 Qb7 39. b5 axb5 40. axb5 Bf6 41. Qc4 Rxe6 42. Rf4 Re7 43. Qc6 Kg8 44. Bd4 Bxd4 45. Rxd4 Re2+ 46. Kf3 Qe7 47. Qc3 Re1 48. Qc8+ Kh7 49. Qf5+ g6 50. Qd3 Ra1 51. Rf4 Qa7 52. Qd4 Ra3+ 53. Kf2 Ra2+ 54. Ke3 Qa3+ 55. Qd3 Qc5+ 56. Qd4 Qc1+ 57. Kf3 Qh1+ 58. Ke3 Qe1+ 59. Kd3 Rd2+ 60. Kc4 Rxd4+ 0-1

[Event "Koszalin op"]
[Site "Koszalin"]
[Date "2012.??.??"]
[Round "9"]
[White "Malinowski, Andrzej"]
[Black "Stylinski, Piotr"]
[Result "1-0"]
[WhiteElo "1726"]
[BlackElo "1545"]
[PlyCount "89"]
[EventDate "2012.01.06"]
[EventType "swiss"]
[EventRounds "9"]
[EventCountry "POL"]
[SourceTitle "CBM 146 Extra"]
[Source "ChessBase"]
[SourceDate "2012.02.29"]
[SourceVersion "1"]
[SourceVersionDate "2012.02.29"]
[SourceQuality "1"]

1. g3 d5 2. Bg2 c5 3. d3 Nc6 4. Nh3 Nf6 5. 0-0 Bf5 6. c4 d4 7. f3 e5 8. Nf2 Be7 9. Nd2 0-0 10. Nde4 Nxe4 11. Nxe4 Bxe4 12. fxe4 Bg5 13. Rf5 Bxc1 14. Qxc1 Qd6 15. a3 Rae8 16. Qd2 b6 17. Raf1 Re6 18. h4 Rg6 19. Kh2 Re6 20. Bh3 Ree8 21. Qg5 Qg6 22. Qd2 Qd6 23. h5 h6 24. Rf6 Qe7 25. Rxc6 f6 26. Re6 Qf7 27. Rxe8 Rxe8 28. Bg4 Rd8 29. b4 Qc7 30. bxc5 Qxc5 31. Qb4 Rd6 32. Rb1 Rc6 33. Qxc5 Rxc5 34. Rb5 Kf7 35. Rxc5 bxc5 36. Kg2 Ke7 37. Kf2 Kd8 38. Ke1 Kc7 39. Kd2 Kc6 40. Kc2 Kb6 41. Kb3 Ka5 42. Bd7 Ka6 43. Ka4 Kb6 44. Bc8 Kc7 45. Kb5 1-0